00767nam a2200193 a 450000100100000000500170001000800410002702000140006804000250008208200150010710000270012224501480014926000350029730000380033250000470037050400260041795201130044399900170055600003997620201002033837.0130801s1968 enka 000 0 spa d z356007634 aDO-SdBNPbspacBNPHU axxxbS855L1 aStierlin, Henri96619810aLiving architecture :bancient Mexican /cText and photographs by Henri Stierlin. Pref. by Vladimir Kaspe. English translation: Marion Shapiro. aLondonaMacdonald & Co,c1968. a192 P. :billus., maps. ;c22 cm. aCover title: Ancient Mexican architecture. aBibliography : p. 189 001050718MOaGRbGRcCTd2013-08-01iLF1l0oxxx S855Lp39976-10r2020-06-25w2020-06-25y1ZNo se presta c39466d39466